00977nam a2200205 a 450000100100000000500170001000800410002702000150006804000250008308200150010810000250012324501720014826000500032030000280037070000270039870000380042595201130046395201780057699900170075400004243420201002040143.0131202s2002 xxuf r 000 0 spa d a0971974500 aDO-SdBNPbspacBNPHU axxxxbxxxx1 aRosane, David96957610aDiscovering the remarkable birds of Punta Cana Dominican Republic. :btheir lives and secret behaviors /cDavid Rosane, Eloy Rodrigez; photography, Eladio Fernández. aNew York, :bThe Carriage house press,c2002. a60 p. :blam. ;c29 cm.1 aRodriguez, Eloy9695771 aFernández, Eladio,efot.969578 001050718MOaPDbPDcHDd2013-12-02iLF1l0oxxxx xxxxp42434-10r2020-06-25w2020-06-25y1ZNo se presta 001050718MOaPDbPDcHDd2019-05-29iLF1l0oxxxx xxxxp42434-20r2020-06-25te. 2w2020-06-25y1zPerteneció a la biblioteca personal de George Latourde.ZNo se presta c41923d41923